History Quiz

Random History or City Quiz

Commonwealth Games Host Cities Quiz Stats

 Plays Quiz not verified by Sporcle

Support Sporcle.
Go Orange.
Score 0/22 Timer 05:00
0 Plays Today
Year Host City % Correct
1934London
94.6%
1938Sydney
90.6%
2002Manchester
90.3%
2006Melbourne
89.8%
2014Glasgow
89.1%
2010Delhi
88.9%
1970Edinburgh
83.2%
1986Edinburgh
83.2%
1950Auckland
80.6%
1990Auckland
80.6%
1954Vancouver
77%
Year Host City % Correct
1958Cardiff
72.1%
1982Brisbane
71.7%
1962Perth
71.1%
2022Birmingham
66.6%
1998Kuala Lumpur
64.6%
2018Gold Coast
63.9%
1966Kingston
61.4%
1978Edmonton
58.7%
1974Christchurch
57.3%
1930Hamilton
44.4%
1994Victoria
43.3%

You're not logged in!

Compare scores with friends on all Sporcle quizzes.
OR
Log In

From the Vault

TV Debuts: 2005

by druhutch

Amazingly, some of these shows are still on TV.
Remove Ads.
Support Sporcle.
Get the best of Sporcle when you Go Orange. This ad-free experience offers more features, more stats, and more fun while also helping to support Sporcle. Thank you for becoming a member.

Show Comments

Extras

Top Quizzes Today


Score Distribution

Your Account Isn't Verified!

In order to create a playlist on Sporcle, you need to verify the email address you used during registration. Go to your Sporcle Settings to finish the process.

Report this User

Report this user for behavior that violates our Community Guidelines.

Details: